[Event "Bergen Sommer Super-NGP B"]
[Site "Bergen"]
[Date "2019.07.31"]
[Round "7"]
[White "Hustvedt, Oyvind Westre"]
[Black "Nordgreen, Jan Thomas"]
[Result "1-0"]
[WhiteElo "1280"]
[BlackElo "1486"]
[PlyCount "63"]
[EventDate "2019.07.29"]
[EventType "swiss"]
[EventRounds "9"]
[EventCountry "NOR"]
[SourceTitle "EXT 2024"]
[Source "ChessBase"]
[SourceDate "2023.10.10"]
[SourceVersion "1"]
[SourceVersionDate "2023.10.10"]
[SourceQuality "1"]

1. d4 Nf6 2. c4 g6 3. Qc2 Bg7 4. e4 d6 5. Nc3 Nc6 6. Be3 0-0 7. Be2 Nd7 8. Rd1 e5 9. d5 Ne7 10. Nf3 f5 11. 0-0 f4 12. Bc1 Nb6 13. b4 Bg4 14. c5 Nd7 15. Qb3 Kh8 16. Ba3 a6 17. Ng5 Bxe2 18. Ne6 Bxd1 19. Rxd1 Qc8 20. Nxg7 Kxg7 21. Rc1 a5 22. Nb5 axb4 23. Bxb4 Nxc5 24. Bxc5 dxc5 25. Rxc5 c6 26. Qb2 Qd7 27. Qxe5+ Rf6 28. Nc7 Raf8 29. Ne6+ Kg8 30. h4 cxd5 31. exd5 Rf5 32. Qg7# 1-0

[Event "Bergen Sommer Super-NGP B"]
[Site "Bergen"]
[Date "2019.07.31"]
[Round "6"]
[White "Nordgreen, Jan Thomas"]
[Black "Kvandahl, Frode"]
[Result "1-0"]
[WhiteElo "1486"]
[BlackElo "1559"]
[PlyCount "51"]
[EventDate "2019.07.29"]
[EventType "swiss"]
[EventRounds "9"]
[EventCountry "NOR"]
[SourceTitle "EXT 2024"]
[Source "ChessBase"]
[SourceDate "2023.10.10"]
[SourceVersion "1"]
[SourceVersionDate "2023.10.10"]
[SourceQuality "1"]

1. d4 Nf6 2. c4 d5 3. Nc3 e6 4. Nf3 Bb4 5. Bg5 Nbd7 6. a3 Bxc3+ 7. bxc3 h6 8. Bh4 g5 9. Bg3 Ne4 10. Qd3 Nxg3 11. hxg3 f6 12. Qg6+ Ke7 13. Qg7+ Kd6 14. c5+ Kc6 15. e3 Qf8 16. Rb1 a6 17. a4 b5 18. axb5+ axb5 19. Bxb5+ Kb7 20. Bxd7+ Ka7 21. Qxf8 Rxf8 22. Ra1+ Kb8 23. Rxa8+ Kxa8 24. Bxc8 Rxc8 25. Rxh6 Rb8 26. Nd2 1-0

[Event "Lanzarote op"]
[Site "Lanzarote"]
[Date "2019.06.29"]
[Round "8"]
[White "Nordgreen, Jan Thomas"]
[Black "Tejido Villanueva, Esteban Edgardo"]
[Result "0-1"]
[WhiteElo "1486"]
[BlackElo "1594"]
[PlyCount "58"]
[EventDate "2019.06.24"]
[EventType "swiss"]
[EventRounds "9"]
[EventCountry "ESP"]
[SourceTitle "CBM 191 Extra"]
[Source "ChessBase"]
[SourceDate "2019.09.30"]
[SourceVersion "1"]
[SourceVersionDate "2019.09.30"]
[SourceQuality "1"]

1. d4 d5 2. c4 e5 3. dxe5 d4 4. Nf3 Nc6 5. e3 Bb4+ 6. Bd2 dxe3 7. fxe3 Bg4 8. Qa4 Bxf3 9. gxf3 Qh4+ 10. Kd1 0-0-0 11. Qb3 Nge7 12. Nc3 Qf2 13. Be2 Qxe3 14. Qc2 Rxd2+ 15. Qxd2 Rd8 16. Qxd8+ Kxd8 17. Rc1 Nxe5 18. Rf1 Nf5 19. a3 Qh6 20. axb4 Ne3+ 21. Ke1 Nxf1 22. Rd1+ Ke8 23. Kxf1 Qxh2 24. Nd5 c6 25. f4 Qh3+ 26. Kg1 Ng4 27. Nc7+ Ke7 28. Re1 Qh2+ 29. Kf1 Qf2# 0-1

[Event "Lanzarote op 2nd"]
[Site "Arrecife de Lanzarote"]
[Date "2018.06.28"]
[Round "7.22"]
[White "Nordgreen, Jan Thomas"]
[Black "Diaz Medina, Angelo"]
[Result "0-1"]
[WhiteElo "1134"]
[BlackElo "1589"]
[PlyCount "64"]
[EventDate "2018.06.25"]
[EventType "swiss"]
[EventRounds "9"]
[EventCountry "ESP"]
[SourceTitle "EXT 2024"]
[Source "ChessBase"]
[SourceDate "2023.10.10"]
[SourceVersion "1"]
[SourceVersionDate "2023.10.10"]
[SourceQuality "1"]

1. d4 Nf6 2. Nc3 g6 3. e4 Bg7 4. Nf3 d6 5. Bg5 h6 6. Bh4 0-0 7. h3 Nbd7 8. Bb5 c6 9. Bc4 b5 10. Be2 Nb6 11. 0-0 b4 12. Nb1 Nxe4 13. Qd3 Bf5 14. Qb3 a5 15. Bd3 Qc7 16. g4 Be6 17. c4 Nf6 18. Qc2 Qd7 19. Bxf6 Bxf6 20. Nbd2 h5 21. Kh1 hxg4 22. Rg1 gxf3 23. Bxg6 Kh8 24. Qe4 Bd5 25. Qg4 Qxg4 26. Rxg4 Be6 27. Rg3 fxg6 28. Nxf3 Nxc4 29. Rag1 Bd5 30. Kh2 Bxf3 31. Rxg6 Kh7 32. h4 Rg8 0-1

[Event "Lanzarote op 2nd"]
[Site "Arrecife de Lanzarote"]
[Date "2018.06.27"]
[Round "5.20"]
[White "Nordgreen, Jan Thomas"]
[Black "Betancort Tubau, Javier"]
[Result "1-0"]
[WhiteElo "1134"]
[BlackElo "1524"]
[PlyCount "89"]
[EventDate "2018.06.25"]
[EventType "swiss"]
[EventRounds "9"]
[EventCountry "ESP"]
[SourceTitle "EXT 2024"]
[Source "ChessBase"]
[SourceDate "2023.10.10"]
[SourceVersion "1"]
[SourceVersionDate "2023.10.10"]
[SourceQuality "1"]

1. d4 g6 2. c4 Bg7 3. Nc3 Nf6 4. e4 d6 5. Nf3 Bg4 6. Be2 c6 7. h3 Bxf3 8. Bxf3 Nfd7 9. Be3 Na6 10. Qd2 c5 11. d5 Ne5 12. Be2 Nc7 13. Bf4 f6 14. Bxe5 fxe5 15. 0-0-0 0-0 16. Kb1 Rxf2 17. Rhg1 Qe8 18. Rdf1 Rf8 19. b3 e6 20. Rxf8+ Qxf8 21. Rf1 Qe7 22. Bf3 exd5 23. Nxd5 Nxd5 24. Qxd5+ Kh8 25. Rd1 Rd8 26. Rf1 a6 27. Kb2 Rf8 28. Rd1 Rd8 29. Rf1 Re8 30. Rd1 Bf8 31. Rf1 Qc7 32. Bg4 Qe7 33. Qf7 Qxf7 34. Rxf7 b5 35. Bd7 Rb8 36. cxb5 axb5 37. Bxb5 Rxb5 38. Rxf8+ Kg7 39. a4 Rb4 40. Rd8 Rd4 41. a5 Rd2+ 42. Kc1 Rf2 43. Rd7+ Kf8 44. a6 Ke8 45. Rxh7 1-0

[Event "Lanzarote op"]
[Site "Lanzarote"]
[Date "2018.06.25"]
[Round "2"]
[White "Perez Bolanos, David"]
[Black "Nordgreen, Jan Thomas"]
[Result "1-0"]
[WhiteElo "1594"]
[BlackElo "1134"]
[PlyCount "93"]
[EventDate "2018.06.25"]
[EventType "swiss"]
[EventRounds "9"]
[EventCountry "ESP"]
[SourceTitle "CBM 185 Extra"]
[Source "ChessBase"]
[SourceDate "2018.07.29"]
[SourceVersion "1"]
[SourceVersionDate "2018.07.29"]
[SourceQuality "1"]

1. d4 Nf6 2. c4 d6 3. Nc3 Bf5 4. g3 Nc6 5. Bg2 g6 6. e4 Bg4 7. f3 Bd7 8. f4 Bg7 9. Nf3 0-0 10. 0-0 Qc8 11. Bd2 Bg4 12. Be3 Bh3 13. d5 Bxg2 14. Kxg2 Na5 15. Qe2 b6 16. Bd4 c5 17. Be3 Ng4 18. Bd2 Qa6 19. b3 Nb7 20. h3 Nh6 21. Rac1 f5 22. e5 Rae8 23. Rc2 Na5 24. Qf2 Nf7 25. Nb5 Qb7 26. e6 Nd8 27. Qe1 a6 28. Na3 Qc7 29. g4 fxg4 30. hxg4 Ndb7 31. Nh4 Rb8 32. Bc3 Bxc3 33. Qxc3 Qd8 34. g5 Qe8 35. Kg3 b5 36. Rh2 b4 37. Qd3 bxa3 38. Rfh1 Kg7 39. Nf5+ gxf5 40. Rxh7+ Kg8 41. Rh8+ Kg7 42. Qc3+ Rf6 43. gxf6+ exf6 44. R8h7+ Kg8 45. Qxf6 Qg6+ 46. Qxg6+ Kf8 47. Qf7# 1-0

[Event "Arrecife de Lanzarote op"]
[Site "Arrecife de Lanzarote"]
[Date "2017.06.15"]
[Round "8"]
[White "Nordgreen, Jan Thomas"]
[Black "Sanchez Orozco, Edward Steven"]
[Result "0-1"]
[WhiteElo "1159"]
[BlackElo "1268"]
[PlyCount "120"]
[EventDate "2017.06.11"]
[EventType "swiss"]
[EventRounds "9"]
[EventCountry "ESP"]
[SourceTitle "EXT 2019"]
[Source "ChessBase"]
[SourceDate "2018.10.10"]
[SourceVersion "1"]
[SourceVersionDate "2018.10.10"]
[SourceQuality "1"]

1. d4 e6 2. e4 d5 3. e5 c5 4. Nf3 Nc6 5. c3 Nge7 6. Bg5 Qb6 7. Qc2 Nf5 8. Be3 cxd4 9. cxd4 Bd7 10. Nbd2 Nfxd4 11. Nxd4 Nxd4 12. Qc3 Bc5 13. Nb3 Nxb3 14. Qxb3 Bxe3 15. fxe3 Qa5+ 16. Qc3 Qxc3+ 17. bxc3 0-0 18. c4 Rfe8 19. Rd1 Bc6 20. Be2 Rad8 21. 0-0 Rd7 22. Bf3 Red8 23. c5 d4 24. Bxc6 bxc6 25. exd4 Rxd4 26. Rc1 R4d5 27. Rfe1 Rb8 28. Rb1 Rxb1 29. Rxb1 h6 30. Rb8+ Kh7 31. Rb7 Kg6 32. Rxa7 Rxe5 33. Ra5 Rd5 34. Kf2 f5 35. Kf3 Kf6 36. g3 e5 37. a4 Kg5 38. Ra7 g6 39. h4+ Kh5 40. Ra5 Rd3+ 41. Kf2 Kg4 42. Ra6 Rf3+ 43. Ke2 Rxg3 44. Rxc6 Kxh4 45. Re6 Ra3 46. Rxg6 Rxa4 47. Rxh6+ Kg4 48. Kd3 Rd4+ 49. Kc3 Rd8 50. Kb4 e4 51. c6 e3 52. c7 Rc8 53. Rc6 e2 54. Rc1 Kf3 55. Kb5 Kf2 56. Rc2 Rxc7 57. Rxc7 e1Q 58. Rc2+ Qe2+ 59. Rc4 Qxc4+ 60. Kxc4 Ke3 0-1

[Event "Arrecife de Lanzarote op"]
[Site "Arrecife de Lanzarote"]
[Date "2017.06.12"]
[Round "3"]
[White "Rodriguez Muela, Juan Argelio"]
[Black "Nordgreen, Jan Thomas"]
[Result "1-0"]
[WhiteElo "1524"]
[BlackElo "1159"]
[PlyCount "45"]
[EventDate "2017.06.11"]
[EventType "swiss"]
[EventRounds "9"]
[EventCountry "ESP"]
[SourceTitle "EXT 2019"]
[Source "ChessBase"]
[SourceDate "2018.10.10"]
[SourceVersion "1"]
[SourceVersionDate "2018.10.10"]
[SourceQuality "1"]

1. e4 c5 2. d4 cxd4 3. c3 dxc3 4. Nxc3 Nc6 5. Bb5 d6 6. Nf3 Bd7 7. 0-0 a6 8. Ba4 g6 9. Bb3 Bg4 10. Bxf7+ Kxf7 11. Ng5+ Ke8 12. Qxg4 Nf6 13. Qe6 Ne5 14. Be3 h6 15. f4 hxg5 16. fxe5 dxe5 17. Rxf6 Qd3 18. Qf7+ Kd7 19. Rd1 Qxd1+ 20. Nxd1 Rd8 21. Bb6 Kc8 22. Bxd8 exf6 23. Qc7# 1-0